| 000 | 00621nam a2200253Ia 4500 | ||
|---|---|---|---|
| 008 | 190123s9999 xx 000 0 und d | ||
| 020 | _a9780531282717 | ||
| 050 | _bT238 2012 | ||
| 100 | _aTaylor-Butler, Christine | ||
| 245 | 0 | _aHydrology : | |
| 245 | 4 | _bthe study of water / | |
| 245 | 0 | _cby Christine Taylor-Butler. | |
| 260 | _aNew York, New York : | ||
| 260 | _bChildren's Press, | ||
| 260 | _c2012 | ||
| 300 | _a48 pages : | ||
| 300 | _bcolored illustrations ; | ||
| 300 | _c22cm. | ||
| 440 | _aA true book. | ||
| 500 | _a790L | ||
| 650 | _aHydrology. | ||
| 700 | _aSeries. | ||
| 700 | _aTitle. | ||
| 999 |
_c361140 _d361140 |
||